UGC-NET digest on Paper II physical education, 3V (Record no. 393730)
[ view plain ]
| 000 -LEADER | |
|---|---|
| fixed length control field | 00511 a2200181 4500 |
| 005 - DATE & TIME | |
| control field | 20260113153857.0 |
| 008 - FIXED-LENGTH DATA ELEMENTS--GENERAL INFORMATION | |
| fixed length control field | 260113b |||||||| |||| 00| 0 eng d |
| 020 ## - ISBN | |
| International Standard Book Number | 9788175246775 |
| Price | Rs. 5200.00(SP) |
| 040 ## - CATALOGING SOURCE | |
| Original cataloging agency | VIVEKANANDA LIBRARY |
| 082 ## - DDC NUMBER | |
| Classification number | 796.07 |
| Book Number | K128U(3) |
| 100 ## - MAIN ENTRY--PERSONAL NAME | |
| Personal name | Kamlesh, M L |
| 245 ## - TITLE STATEMENT | |
| Title | UGC-NET digest on Paper II physical education, 3V |
| 260 ## - PUBLICATION, DISTRIBUTION, ETC. (IMPRINT) | |
| Name of publisher, distributor, etc | Khel Sahitya Kendra |
| Date of publication, distribution, etc | 2024 |
| Place of publication, distribution, etc | New Delhi |
| 300 ## - PHYSICAL DESCRIPTION | |
| Pages | xiii, 562 |
| 650 ## - Subject | |
| Subject | Physical Education |
| 650 ## - Subject | |
| Subject | UGC-NET-Physical Education |
| 942 ## - ADDED ENTRY ELEMENTS (KOHA) | |
| Koha item type | Books |
| Withdrawn status | Lost status | Source of classification or shelving scheme | Damaged status | Not for loan | Location (home branch) | Sublocation or collection (holding branch) | Shelving location | Date acquired | Koha issues (times borrowed) | Koha full call number | Accession No. | Koha date last seen | Copy number | Koha item type |
|---|---|---|---|---|---|---|---|---|---|---|---|---|---|---|
| Dewey Decimal Classification | VIVEKANANDA LIBRARY | VIVEKANANDA LIBRARY | Vivekananda Library | 12/12/2025 | 796.07 K128U(3) | 443625 | 12/12/2025 | V1 | Books | |||||
| Dewey Decimal Classification | VIVEKANANDA LIBRARY | VIVEKANANDA LIBRARY | Vivekananda Library | 13/01/2026 | 796.07 K128U(3) | 443626 | 13/01/2026 | V2 | Books | |||||
| Dewey Decimal Classification | VIVEKANANDA LIBRARY | VIVEKANANDA LIBRARY | Vivekananda Library | 13/01/2026 | 2 | 796.07 K128U(3) | 443627 | 13/04/2026 | V3 | Books |
